00553nam a2200169Ia 4500003000900000008004100009020001800050040001600068080002300084110003400107245011200141260003500253300002000288650004100308650001700349650001700366IN-BaIIA211028s9999 xx 000 0 eng d a0-08-025128-5 cIIA Library a063:523.34b10LC-2 aLunar and Planetary Institute 0aEarly Solar System and Lunar Regolithbvol. 2cLunar and Planetary Institute  aNew YorkbPergamon Pressc1979 axi, 1141-2130p. aAstronomy and Astrophysics Thesaurus aLunar Probes aSolar System